| 000 | 01677cam a22003734a 4500 | ||
|---|---|---|---|
| 001 | 14060743 | ||
| 003 | Nust | ||
| 005 | 20221026141729.0 | ||
| 008 | 050802m20059999nju b 001 0 eng | ||
| 010 |
_a 2005022436 _z 2006026406 |
||
| 020 | _a9789699110245 | ||
| 040 |
_aDLC _cDLC _dDLC |
||
| 041 | 1 | _hurdu | |
| 042 | _apcc | ||
| 050 | 0 | 0 |
_aBP166 _b.G8513 2005 |
| 051 |
_aBP166 _b.G8513 2005 Copy 2 _cv. 2, 2nd printing, published by Tughra Books, formerly The Light Publishing |
||
| 082 | 0 | 0 |
_a297.2 _bGUL |
| 100 | 1 |
_aGülen, Fethullah. _96529 |
|
| 245 | 1 | 0 |
_aIslam aur daur haazir : jadeed zehnon mein peda honay walay sawalaat ke jawabaat _cby Muhammad Fateh Ullah Gulen |
| 246 | 3 | 0 | _aQuestions and answers about Islam |
| 260 |
_aNew Jersey : _bLight, Inc., _c2005 |
||
| 300 |
_a428 p. _c23 cm. |
||
| 504 | _aIncludes bibliographical references (p. [169]-171) and index. | ||
| 650 | 0 |
_aIslam _xTheology _vMiscellanea. _910221 |
|
| 650 | 0 |
_aIslam _xDoctrines _vMiscellanea. _910222 |
|
| 856 | 4 | 1 |
_3Table of contents _uhttp://www.loc.gov/catdir/toc/ecip0517/2005022436.html |
| 856 | 4 | 2 |
_3Publisher description _uhttp://www.loc.gov/catdir/enhancements/fy0803/2005022436-d.html |
| 880 |
_6100-01\r _aمحمد فتح اللہ گولن |
||
| 880 |
_6245-02\r _aاسلام اور دور حا ضر: جدید ذہنوں میں پیدا ہونے والے سوالات کے جوابات _cمحمد فتح اللہ گولن |
||
| 880 |
_6260-03\r _aنیو جرسی: _bلائٹ انک، _c2005 |
||
| 906 |
_a7 _bcbc _corignew _d1 _eecip _f20 _gy-gencatlg |
||
| 942 |
_2ddc _cBK |
||
| 999 |
_c329340 _d329340 |
||